<?xml version="1.0" encoding="UTF-8"?>
<record
    xmlns:xsi="http://www.w3.org/2001/XMLSchema-instance"
    xsi:schemaLocation="http://www.loc.gov/MARC21/slim http://www.loc.gov/standards/marcxml/schema/MARC21slim.xsd"
    xmlns="http://www.loc.gov/MARC21/slim">

  <leader>01897nam a22003257a 4500</leader>
  <controlfield tag="003">BO-EaUP</controlfield>
  <controlfield tag="005">20251113170150.0</controlfield>
  <controlfield tag="008">251113b2021    bo ||||| |||| 00| 0 spa d</controlfield>
  <datafield tag="020" ind1=" " ind2=" ">
    <subfield code="a">4-1-3972-2021</subfield>
  </datafield>
  <datafield tag="040" ind1=" " ind2=" ">
    <subfield code="a">Biblioteca IPE</subfield>
    <subfield code="b">spa</subfield>
    <subfield code="c">Biblioteca Ingenier&#xED;a en producci&#xF3;n empresarial</subfield>
    <subfield code="e">RDA</subfield>
  </datafield>
  <datafield tag="041" ind1=" " ind2=" ">
    <subfield code="a">spa</subfield>
    <subfield code="h">spa</subfield>
  </datafield>
  <datafield tag="043" ind1=" " ind2=" ">
    <subfield code="a">s-bo</subfield>
  </datafield>
  <datafield tag="082" ind1=" " ind2=" ">
    <subfield code="2">21</subfield>
    <subfield code="a">510</subfield>
  </datafield>
  <datafield tag="092" ind1=" " ind2=" ">
    <subfield code="a">510</subfield>
    <subfield code="S">C352m</subfield>
  </datafield>
  <datafield tag="100" ind1=" " ind2=" ">
    <subfield code="a">Castillo Mu&#xF1;oz, Felix Zenon </subfield>
    <subfield code="e">Autor</subfield>
    <subfield code="9">6074</subfield>
  </datafield>
  <datafield tag="245" ind1=" " ind2=" ">
    <subfield code="a">Matem&#xE1;ticas :  </subfield>
    <subfield code="b">Ex&#xE1;menes del curso preuniversitario facultad de ingenier&#xED;a /</subfield>
    <subfield code="c">Felix Zenon Castillo Mu&#xF1;oz </subfield>
  </datafield>
  <datafield tag="250" ind1=" " ind2=" ">
    <subfield code="a">Primera edici&#xF3;n </subfield>
  </datafield>
  <datafield tag="260" ind1=" " ind2=" ">
    <subfield code="a">El Alto - La Paz : </subfield>
    <subfield code="b">Artes Gr&#xE1;ficas krafi Magic ;</subfield>
    <subfield code="c">2021</subfield>
  </datafield>
  <datafield tag="300" ind1=" " ind2=" ">
    <subfield code="a">133 p&#xE1;ginas ; </subfield>
    <subfield code="b">Ilustraciones, gr&#xE1;ficos ; Tapa blanda </subfield>
    <subfield code="c">27 x 20 cent&#xED;metros </subfield>
    <subfield code="g">carta </subfield>
  </datafield>
  <datafield tag="336" ind1=" " ind2=" ">
    <subfield code="2">rdacontent</subfield>
    <subfield code="a">texto</subfield>
    <subfield code="b">txt</subfield>
  </datafield>
  <datafield tag="337" ind1=" " ind2=" ">
    <subfield code="2">rdamedia </subfield>
    <subfield code="a">no mediado</subfield>
    <subfield code="b">nc</subfield>
  </datafield>
  <datafield tag="338" ind1=" " ind2=" ">
    <subfield code="a">volumen</subfield>
    <subfield code="b">n</subfield>
  </datafield>
  <datafield tag="505" ind1=" " ind2=" ">
    <subfield code="a">Ex&#xE1;menes tomados en el primer parcial, gesti&#xF3;n 2009,2010,2011,2012,2013,2014,2015,2016,2017,2018,2019, I - 2008, II- 2008 - Ex&#xE1;menes tomados en el segundo parcial, Gesti&#xF3;n I - 2008, I - 2009, I - 2010, II - 2010, I - 2011, II - 2011, II - 2012, I - 2013, II - 2013, I - 2014, II - 2014, I - 2015, II - 2015, I - 2016, II - 2016, I - 2017, II - 2017, I - 2018, II - 2018, I - 2019, II - 2019, etc. </subfield>
  </datafield>
  <datafield tag="520" ind1=" " ind2=" ">
    <subfield code="a">Matem&#xE1;ticas, Ex&#xE1;menes del Curso Preuniversitario de la Facultad de Ingenier&#xED;a de la UMSA. Es un tanto que recopila los ex&#xE1;menes tomados en de la  Facultad de la materia de Matem&#xE1;ticas durante los &#xFA;ltimos diez a&#xF1;os. El presente texto muestra el nivel de las Matem&#xE1;ticas que se exige a los postulantes a le Facultad de Ingenier&#xED;a, que pretenden proseguir estudios superiores en las diferentes carreras que ofrece dicha Facultad.</subfield>
  </datafield>
  <datafield tag="546" ind1=" " ind2=" ">
    <subfield code="a">Espa&#xF1;ol</subfield>
  </datafield>
  <datafield tag="653" ind1=" " ind2=" ">
    <subfield code="a">MATEM&#xC1;TICAS</subfield>
  </datafield>
  <datafield tag="653" ind1=" " ind2=" ">
    <subfield code="a">EX&#xC1;MENES</subfield>
  </datafield>
  <datafield tag="653" ind1=" " ind2=" ">
    <subfield code="a">PROBLEMAS RESUELTOS</subfield>
  </datafield>
  <datafield tag="942" ind1=" " ind2=" ">
    <subfield code="2">ddc</subfield>
    <subfield code="c">BK</subfield>
    <subfield code="n">0</subfield>
  </datafield>
  <datafield tag="999" ind1=" " ind2=" ">
    <subfield code="c">5368</subfield>
    <subfield code="d">5368</subfield>
  </datafield>
  <datafield tag="952" ind1=" " ind2=" ">
    <subfield code="0">0</subfield>
    <subfield code="1">0</subfield>
    <subfield code="2">ddc</subfield>
    <subfield code="4">0</subfield>
    <subfield code="7">0</subfield>
    <subfield code="8">500</subfield>
    <subfield code="a">BEIPE</subfield>
    <subfield code="b">BEIPE</subfield>
    <subfield code="c">MATE</subfield>
    <subfield code="d">2025-11-13</subfield>
    <subfield code="e">Donaci&#xF3;n </subfield>
    <subfield code="i">BEIPE007D</subfield>
    <subfield code="l">0</subfield>
    <subfield code="o">510/C352m</subfield>
    <subfield code="p">BEIPE007D</subfield>
    <subfield code="r">2025-11-13 17:16:21</subfield>
    <subfield code="t">ejm. 1</subfield>
    <subfield code="w">2025-11-13</subfield>
    <subfield code="y">BK</subfield>
  </datafield>
</record>
